00789nam a2200169 a 450000100080000000500110000800800410001910000190006024501110007926003060019050000200049665000130051665000200052965300230054970000260057270000210059820263122016-01-29 2015 bl uuuu u00u1 u #d1 aTURETTA, A. P. aFood and biofuelba possible dialogue? An overview about brazilian ethanol context.h[electronic resource] aIn: INTERNATIONAL CONFERENCE ON RESEARCH ON FOOD SECURITY, NATURAL RESOURCE MANAGEMENT AND RURAL DEVELOPMENT, 2015, Berlin. Management of land use systems for enhanced food security: conflicts, controversies and resolutions: book of abstracts. Berlin: Humboldt-Universität Berlin, 2015. p. 305.c2015 aTropentag 2015. aBiofuels aBiocombustível aProtocolo de Kyoto1 aCOUTINHO, H. L. da C.1 aMALHEIROS, T. F.